Statistics for Top 10 Countries with Covid-19 Deaths - 22 April

Click here to take the quiz!

General Stats

  • This quiz has been taken 20 times
  • The average score is 10 of 13

Answer Stats

country% Correct
China
100%
Italy
100%
United States
100%
United Kingdom
95%
France
90%
Spain
85%
Germany
80%
Belgium
60%
Iran
60%
Netherlands
60%
Switzerland
60%
Sweden
55%
Ireland
45%

Score Distribution

Percentile by Number Answered

Percent of People with Each Score

Your Score History

You have not taken this quiz